000 01581cam a22001814a 4500
005 20250605164055.0
008 250528s ||||||||||||||||||||||||d
035 _a17442
040 _aGR-AtMCL
_bgre
_dGR-AtMCL
_eAACR2
245 1 _aΜηχανική Παραμορφωσίμων Σωμάτων Ι
260 _bΣυμμετρία,
_c1991
300 _a572
520 _aΕισαγωγικές Έννοιες και Τάσεις, Τάση και Τροπή και Αξονική Φόρτιση, Συμβιβαστικότητα Μετατοπίσεων, Ο Τανυστής των Τάσεων, Ο Τανυστής των Τρόπων, Σχέσεις Τάσεως - Τρόπων, Το Γενικό Πρόβλημα Συνοριακής Τιμής στη Γραμμική Ελαστικότητα, Επίπεδη Ένταση και Επίπεδη Παραμόρφωση, Κυλινδρικές και Πολικές Συντεταγμένες, Νόμοι Αστοχίας Υλικών, Λέβητες, Τεχνική Θεωρία Στρέψης, Στρέψη Ράβδων Τυχούσας Διατομής και Ακριβής Θεωρία, Καθαρή Κάμψη Συμμετρικών Δοκών, Ανασκόπηση Γραμμικής Άλγεβρας Τανυστές, Ο Τανυστής των Ροπών Αδράνειας, Το Διεθνές Σύστημα Μονάδων S.I, Παραδείγματα και Ασκήσεις, Ευρετήριο Όρων.
700 1 _aΤσαμασφύρος Γ.Ι
_93594
942 _cBK
999 _c2860
_d2860